National education policy 2020 (Record no. 396714)
[ view plain ]
| 000 -LEADER | |
|---|---|
| fixed length control field | 00545nam a2200217 4500 |
| 005 - DATE & TIME | |
| control field | 20260116095001.0 |
| 008 - FIXED-LENGTH DATA ELEMENTS--GENERAL INFORMATION | |
| fixed length control field | 260116b |||||||| |||| 00| 0 eng d |
| 020 ## - ISBN | |
| International Standard Book Number | 9789392509506 |
| Price | Rs.1495.00 |
| 040 ## - CATALOGING SOURCE | |
| Original cataloging agency | VIVEKANANDA LIBRARY |
| 082 ## - DDC NUMBER | |
| Classification number | 379.54 |
| Book Number | K136N |
| 100 ## - MAIN ENTRY--PERSONAL NAME | |
| Personal name | Kant, Krishan |
| 245 ## - TITLE STATEMENT | |
| Title | National education policy 2020 |
| 260 ## - PUBLICATION, DISTRIBUTION, ETC. (IMPRINT) | |
| Place of publication, distribution, etc | New Delhi |
| Name of publisher, distributor, etc | Sanjay Parkashan |
| Date of publication, distribution, etc | 2023 |
| 300 ## - PHYSICAL DESCRIPTION | |
| Pages | 226 |
| 650 ## - Subject | |
| Subject | Education |
| 650 ## - Subject | |
| Subject | National Education Policy |
| 650 ## - Subject | |
| Subject | Higher Education |
| 700 ## - Added Entry Personal Name | |
| Added Entry Personal Name | Chander Ram |
| 942 ## - ADDED ENTRY ELEMENTS (KOHA) | |
| Koha item type | Books |
No items available.
